000 00676nam a2200289Ia 4500
005 20260324123546.0
008 008 260324s9999 xx 000 0 eng d
020 _a9781315833576
037 _aEBOOK
040 _aCRL
040 _beng
040 _cCRL
041 _2eng
041 _aeng
084 _qCRL
100 _aDavid R. Marples
_91170768
245 0 _aRussia in the Twentieth Century
245 4 _bThe quest for stability
260 _bTaylor and Francis
260 _c2011
365 _a
365 _b300
856 _uhttp://www.taylorfrancis.com/books/9781315833576
942 _cEBOOK
999 _c1764402
_d1764402